Dân tộc Lô Lô ở Việt Nam
Giới thiệu môi trường tự nhiên, nguồn gốc lịch sử, dân số và phân bố dân cư, đời sống kinh tế, tổ chức xã hội và đời sống tinh thần vật chất của người dân tộc Lô Lô ở Việt Nam...
Đã lưu trong:
| Príomhúdar: | |
|---|---|
| Formáid: | Leabhar |
| Teanga: | Undetermined |
| Foilsithe: |
H.
Thông Tấn
2007
|
| Ábhair: | |
| Rochtain Ar Líne: | http://lrc.tdmu.edu.vn/opac/search/detail.asp?aID=2&ID=7182 |
| Clibeanna: |
Cuir Clib Leis
Gan Chlibeanna, Bí ar an gcéad duine leis an taifead seo a chlibeáil!
|
| Thư viện lưu trữ: | Trung tâm Học liệu Trường Đại học Thủ Dầu Một |
|---|
| LEADER | 00964nam a2200205Ia 4500 | ||
|---|---|---|---|
| 001 | TDMU_7182 | ||
| 008 | 210410s9999 xx 000 0 und d | ||
| 082 | |a 305.895 4 | ||
| 090 | |b KH455 | ||
| 100 | |a Khổng, Diễn | ||
| 245 | 0 | |a Dân tộc Lô Lô ở Việt Nam | |
| 245 | 0 | |c Khổng Diễn;Trần Bình | |
| 260 | |a H. | ||
| 260 | |b Thông Tấn | ||
| 260 | |c 2007 | ||
| 300 | |a 289tr | ||
| 520 | |a Giới thiệu môi trường tự nhiên, nguồn gốc lịch sử, dân số và phân bố dân cư, đời sống kinh tế, tổ chức xã hội và đời sống tinh thần vật chất của người dân tộc Lô Lô ở Việt Nam | ||
| 650 | |a Dân tộc thiểu số; Dân tộc Lô Lô; Việt Nam | ||
| 856 | |u http://lrc.tdmu.edu.vn/opac/search/detail.asp?aID=2&ID=7182 | ||
| 980 | |a Trung tâm Học liệu Trường Đại học Thủ Dầu Một | ||